[Event "Khanty-Mansiysk Governor Cup"]
[Site "Khanty-Mansiysk"]
[Date "2007.11.29"]
[Round "8"]
[White "Krjukova, Elena"]
[Black "Kayerbekov, Rustam"]
[Result "0-1"]
[WhiteElo "2166"]
[BlackElo "2352"]
[PlyCount "87"]
[EventDate "2007.11.21"]
[EventType "swiss"]
[EventRounds "9"]
[EventCountry "RUS"]
[SourceTitle "CBM 121 Extra"]
[Source "ChessBase"]
[SourceDate "2008.01.10"]
[SourceVersion "1"]
[SourceVersionDate "2008.01.10"]
[SourceQuality "1"]

1. d4 f5 2. c4 Nf6 3. Nf3 e6 4. Nc3 d5 5. Bg5 c6 6. e3 Be7 7. Ne5 0-0 8. Be2 Nbd7 9. f4 Nxe5 10. dxe5 Nd7 11. Bxe7 Qxe7 12. cxd5 exd5 13. 0-0 Nc5 14. Rc1 Ne6 15. Bd3 b6 16. Qe2 Bb7 17. g4 g6 18. gxf5 gxf5 19. Qh5 Qf7 20. Qxf7+ Rxf7 21. Kf2 Kf8 22. Ne2 c5 23. Ng3 Ng7 24. Rg1 Rd8 25. h4 d4 26. Bc4 Bd5 27. exd4 Ne6 28. Nh5 Bxc4 29. Rxc4 b5 30. Rcc1 Rxd4 31. Rcd1 Rfd7 32. Rxd4 Rxd4 33. Kf3 Rd3+ 34. Ke2 Rh3 35. Nf6 Nd4+ 36. Kd1 Rxh4 37. Nd7+ Kf7 38. Nxc5 Rg4 39. Re1 Ne6 40. Nb7 a6 41. Nd6+ Kg6 42. Ne8 Rg2 43. Re2 Rxe2 44. Kxe2 0-1

[Event "Khanty-Mansiysk Governor Cup"]
[Site "Khanty-Mansiysk"]
[Date "2007.11.24"]
[Round "6"]
[White "Budnikov, Alexandar"]
[Black "Kayerbekov, Rustam"]
[Result "0-1"]
[WhiteElo "2530"]
[BlackElo "2352"]
[PlyCount "84"]
[EventDate "2007.11.21"]
[EventType "swiss"]
[EventRounds "9"]
[EventCountry "RUS"]
[SourceTitle "CBM 121 Extra"]
[Source "ChessBase"]
[SourceDate "2008.01.10"]
[SourceVersion "1"]
[SourceVersionDate "2008.01.10"]
[SourceQuality "1"]

1. e4 c5 2. Nf3 e6 3. d4 cxd4 4. Nxd4 Nf6 5. Nc3 Nc6 6. Nxc6 bxc6 7. e5 Nd5 8. Ne4 Qc7 9. f4 Qb6 10. c4 Bb4+ 11. Ke2 f5 12. Nf2 Bc5 13. Nd3 Ne3 14. Qb3 Nxf1 15. Qxb6 Bxb6 16. Rxf1 Ba6 17. b3 Bd4 18. Bb2 Bxb2 19. Nxb2 c5 20. Rad1 Bb7 21. g3 Ke7 22. Na4 Rac8 23. Ke3 h6 24. h4 Rhg8 25. Rg1 g5 26. h5 Rg7 27. Kf2 Ba8 28. g4 Rf7 29. gxf5 Rxf5 30. Rg4 Rcf8 31. Nxc5 Rxf4+ 32. Rxf4 Rxf4+ 33. Ke3 Bc6 34. Rd4 Rxd4 35. Kxd4 Bf3 36. b4 Bxh5 37. Ne4 Bg6 38. c5 g4 39. b5 h5 40. b6 axb6 41. cxb6 Bxe4 42. Kxe4 d5+ 0-1

[Event "Khanty-Mansiysk Governor Cup"]
[Site "Khanty-Mansiysk"]
[Date "2007.11.23"]
[Round "4"]
[White "Vorobiov, Nikolai"]
[Black "Kayerbekov, Rustam"]
[Result "0-1"]
[WhiteElo "2119"]
[BlackElo "2352"]
[PlyCount "174"]
[EventDate "2007.11.21"]
[EventType "swiss"]
[EventRounds "9"]
[EventCountry "RUS"]
[SourceTitle "CBM 121 Extra"]
[Source "ChessBase"]
[SourceDate "2008.01.10"]
[SourceVersion "1"]
[SourceVersionDate "2008.01.10"]
[SourceQuality "1"]

1. Nf3 d5 2. d4 c6 3. Nbd2 Bf5 4. e3 e6 5. Bd3 Bxd3 6. cxd3 Nf6 7. 0-0 c5 8. Re1 Nc6 9. Nb3 cxd4 10. Nfxd4 Nxd4 11. Nxd4 Be7 12. Bd2 0-0 13. Rc1 Qd7 14. h3 Rfc8 15. Qb3 Rxc1 16. Rxc1 Rc8 17. Rxc8+ Qxc8 18. Bc3 Nd7 19. g3 a6 20. a3 Nc5 21. Qc2 e5 22. Nb3 Na4 23. Na5 b5 24. Qb3 Nxc3 25. bxc3 Qc7 26. Qxd5 Qxa5 27. c4 Qb6 28. cxb5 axb5 29. a4 bxa4 30. Qa8+ Bf8 31. Qxa4 Qb1+ 32. Kg2 Qxd3 33. Qa8 f5 34. Qa2+ Kh8 35. Qf7 Qd6 36. Qxf5 Be7 37. Qc8+ Qd8 38. Qc4 Qa8+ 39. Kg1 h6 40. Qf7 Bf6 41. h4 Qe4 42. h5 Qg4 43. Kg2 e4 44. Kh1 Qf5 45. Kg2 Kh7 46. Kg1 Qg4 47. Kh2 Be5 48. Qe8 Qf5 49. Kg2 Bd6 50. Kg1 Bc7 51. Kg2 Bb6 52. Kg1 Bc5 53. Kg2 Bb4 54. Kf1 Bd2 55. Ke2 Bb4 56. Kf1 Ba5 57. Qc6 Bd2 58. Ke2 Bb4 59. Kf1 Bc5 60. Kg1 Ba3 61. Qa4 Bb2 62. Qc2 Ba1 63. Qa4 Bc3 64. Qc4 Be1 65. Qe2 Ba5 66. Qc4 Be1 67. Qe2 Ba5 68. Qc4 Bb6 69. Qc6 Ba7 70. Qb7 Bxe3 71. fxe3 Qf3 72. Qd5 Qxg3+ 73. Kh1 Qh3+ 74. Kg1 Qxe3+ 75. Kh2 Qf4+ 76. Kh3 Qf1+ 77. Kh2 Qf2+ 78. Kh3 Qe3+ 79. Kh2 Qe2+ 80. Kh1 Qg4 81. Qe5 Qh4+ 82. Qh2 Qxh2+ 83. Kxh2 Kg8 84. Kg3 Kf7 85. Kf4 Kf6 86. Kxe4 Kg5 87. Kf3 Kxh5 0-1